<?xml version="1.0" encoding="UTF-8"?>
<record
    xmlns:xsi="http://www.w3.org/2001/XMLSchema-instance"
    xsi:schemaLocation="http://www.loc.gov/MARC21/slim http://www.loc.gov/standards/marcxml/schema/MARC21slim.xsd"
    xmlns="http://www.loc.gov/MARC21/slim">

  <leader>00453nam a2200169   4500</leader>
  <controlfield tag="003">3228</controlfield>
  <controlfield tag="005">20240807150610.0</controlfield>
  <controlfield tag="008">240807b        sa |||||d|||| 00| 1 eng d</controlfield>
  <datafield tag="020" ind1=" " ind2=" ">
    <subfield code="a">9781785419096</subfield>
  </datafield>
  <datafield tag="040" ind1=" " ind2=" ">
    <subfield code="a">RDA</subfield>
    <subfield code="c">OCLC</subfield>
    <subfield code="d">3228</subfield>
  </datafield>
  <datafield tag="082" ind1=" " ind2=" ">
    <subfield code="a">LP EF HALL</subfield>
  </datafield>
  <datafield tag="100" ind1=" " ind2=" ">
    <subfield code="a">Halls, Stacey.</subfield>
    <subfield code="9">187943</subfield>
  </datafield>
  <datafield tag="245" ind1=" " ind2=" ">
    <subfield code="a">The foundling;</subfield>
    <subfield code="c">Stacey Halls.</subfield>
  </datafield>
  <datafield tag="260" ind1=" " ind2=" ">
    <subfield code="a">Leicestershire;</subfield>
    <subfield code="b">ISIS;</subfield>
    <subfield code="c">2020.</subfield>
  </datafield>
  <datafield tag="300" ind1=" " ind2=" ">
    <subfield code="a">343 pages;</subfield>
    <subfield code="b">Large Print;</subfield>
    <subfield code="c">23.5 cm.</subfield>
  </datafield>
  <datafield tag="942" ind1=" " ind2=" ">
    <subfield code="2">ddc</subfield>
    <subfield code="c">BOOK</subfield>
    <subfield code="w">174</subfield>
    <subfield code="x">Sanet Schoeman</subfield>
    <subfield code="y">174</subfield>
    <subfield code="z">Sanet Schoeman</subfield>
  </datafield>
  <datafield tag="999" ind1=" " ind2=" ">
    <subfield code="c">766053</subfield>
    <subfield code="d">766052</subfield>
  </datafield>
  <datafield tag="952" ind1=" " ind2=" ">
    <subfield code="0">0</subfield>
    <subfield code="1">0</subfield>
    <subfield code="2">ddc</subfield>
    <subfield code="4">0</subfield>
    <subfield code="7">0</subfield>
    <subfield code="8">F</subfield>
    <subfield code="a">STANRL</subfield>
    <subfield code="b">BALFL</subfield>
    <subfield code="c">FIC</subfield>
    <subfield code="d">2024-08-07</subfield>
    <subfield code="g">220.00</subfield>
    <subfield code="l">0</subfield>
    <subfield code="o">LP EF HALL</subfield>
    <subfield code="p">3322803188811</subfield>
    <subfield code="r">2024-08-07</subfield>
    <subfield code="w">2024-08-07</subfield>
    <subfield code="y">BOOK</subfield>
  </datafield>
  <datafield tag="952" ind1=" " ind2=" ">
    <subfield code="0">0</subfield>
    <subfield code="1">0</subfield>
    <subfield code="2">ddc</subfield>
    <subfield code="4">0</subfield>
    <subfield code="7">0</subfield>
    <subfield code="8">F</subfield>
    <subfield code="a">STANRL</subfield>
    <subfield code="b">VOLKL</subfield>
    <subfield code="c">FIC</subfield>
    <subfield code="d">2025-02-05</subfield>
    <subfield code="g">219.50</subfield>
    <subfield code="l">0</subfield>
    <subfield code="o">LP EF HALL</subfield>
    <subfield code="p">33228031152691</subfield>
    <subfield code="r">2025-02-05</subfield>
    <subfield code="w">2025-02-05</subfield>
    <subfield code="y">BOOK</subfield>
  </datafield>
  <datafield tag="952" ind1=" " ind2=" ">
    <subfield code="0">0</subfield>
    <subfield code="1">0</subfield>
    <subfield code="2">ddc</subfield>
    <subfield code="4">0</subfield>
    <subfield code="7">0</subfield>
    <subfield code="8">F</subfield>
    <subfield code="a">STANRL</subfield>
    <subfield code="b">DAGGL</subfield>
    <subfield code="c">FIC</subfield>
    <subfield code="d">2025-02-05</subfield>
    <subfield code="g">219.50</subfield>
    <subfield code="l">0</subfield>
    <subfield code="o">LP EF HALL</subfield>
    <subfield code="p">33228031152689</subfield>
    <subfield code="r">2025-02-05</subfield>
    <subfield code="w">2025-02-05</subfield>
    <subfield code="y">BOOK</subfield>
  </datafield>
  <datafield tag="952" ind1=" " ind2=" ">
    <subfield code="0">0</subfield>
    <subfield code="1">0</subfield>
    <subfield code="2">ddc</subfield>
    <subfield code="4">0</subfield>
    <subfield code="7">0</subfield>
    <subfield code="8">F</subfield>
    <subfield code="a">STANRL</subfield>
    <subfield code="b">VUKU</subfield>
    <subfield code="c">FIC</subfield>
    <subfield code="d">2025-02-05</subfield>
    <subfield code="g">219.50</subfield>
    <subfield code="l">0</subfield>
    <subfield code="o">LP EF HALL</subfield>
    <subfield code="p">33228031152690</subfield>
    <subfield code="r">2025-02-05</subfield>
    <subfield code="w">2025-02-05</subfield>
    <subfield code="y">BOOK</subfield>
  </datafield>
  <datafield tag="952" ind1=" " ind2=" ">
    <subfield code="0">0</subfield>
    <subfield code="1">0</subfield>
    <subfield code="2">ddc</subfield>
    <subfield code="4">0</subfield>
    <subfield code="7">0</subfield>
    <subfield code="8">F</subfield>
    <subfield code="a">STANRL</subfield>
    <subfield code="b">wakk</subfield>
    <subfield code="c">FIC</subfield>
    <subfield code="d">2025-02-05</subfield>
    <subfield code="g">219.50</subfield>
    <subfield code="l">0</subfield>
    <subfield code="o">LP EF HALL</subfield>
    <subfield code="p">33228031152688</subfield>
    <subfield code="r">2025-02-05</subfield>
    <subfield code="w">2025-02-05</subfield>
    <subfield code="y">BOOK</subfield>
  </datafield>
  <datafield tag="952" ind1=" " ind2=" ">
    <subfield code="0">0</subfield>
    <subfield code="1">0</subfield>
    <subfield code="2">ddc</subfield>
    <subfield code="4">0</subfield>
    <subfield code="7">0</subfield>
    <subfield code="8">F</subfield>
    <subfield code="a">MBOMRL</subfield>
    <subfield code="b">HAZYL</subfield>
    <subfield code="c">FIC</subfield>
    <subfield code="d">2025-11-06</subfield>
    <subfield code="g">220.00</subfield>
    <subfield code="o">LP EF HALL</subfield>
    <subfield code="p">3228200043596</subfield>
    <subfield code="r">2025-11-06</subfield>
    <subfield code="w">2025-11-06</subfield>
    <subfield code="y">BOOK</subfield>
  </datafield>
</record>
